Picasso (Record no. 120957)

MARC details
000 -LEADER
campo de control de longitud fija 00621nam a2200205 4500
001 - NÚMERO DE CONTROL
campo de control 120957
003 - IDENTIFICADOR DE NÚMERO DE CONTROL
campo de control ES-MaACL
005 - FECHA Y HORA DE LA ÚLTIMA TRANSACCIÓN
campo de control 20240205165153.0
007 - CAMPO FIJO DE DESCRIPCIÓN FÍSICA--INFORMACIÓN GENERAL
campo de control de longitud fija t|
008 - DATOS DE LONGITUD FIJA--INFORMACIÓN GENERAL
campo de control de longitud fija 070214s1973 sp r ||||1| spa d
080 ## - NÚMERO DE LA CLASIFICACIÓN DECIMAL UNIVERSAL
Número de la Clasificación Decimal Universal 929 Picasso, Pablo
080 ## - NÚMERO DE LA CLASIFICACIÓN DECIMAL UNIVERSAL
Número de la Clasificación Decimal Universal 7 Picasso, Pablo
100 1# - ENTRADA PRINCIPAL--NOMBRE DE PERSONA
Nombre de persona Pompey, Francisco.
9 (RLIN) 92936
245 10 - MENCIÓN DEL TÍTULO
Título Picasso
Resto del título : su vida y sus obras /
Mención de responsabilidad, etc. Francisco Pompey.
260 ## - PUBLICACIÓN, DISTRIBUCIÓN, ETC.
Lugar de publicación, distribución, etc. Madrid :
Nombre del editor, distribuidor, etc. [s.n.],
Fecha de publicación, distribución, etc. 1973 (
Fabricante Gráf. Iberoamericanas)
300 ## - DESCRIPCIÓN FÍSICA
Extensión 329 p., 1 lám. ;
Dimensiones 21 cm.
600 14 - PUNTO DE ACCESO ADICIONAL DE MATERIA--NOMBRE DE PERSONA
Nombre de persona Picasso, Pablo,
Fechas asociadas al nombre 1881-1973
9 (RLIN) 91794
852 ## - LOCALIZACIÓN
Ubicación ES-MaACL
Número de control de estantería C-54801
Sublocalización o colección R.87369
Holdings
Estatus retirado Estado de pérdida Estado de daño No para préstamo Biblioteca de origen Biblioteca actual Ubicación en estantería Fecha de adquisición Fuente de adquisición Total de préstamos Signatura topográfica completa Código de barras Visto por última vez Precio de reemplazo Tipo de ítem Koha
        Biblioteca del Ateneo de Madrid Biblioteca del Ateneo de Madrid Depósito 2 17/01/2008     C-54801 1126067 23/02/2023 23/02/2023 Libro impreso